Kingdom of Netherlands : Netherlands; 2011 Article IV Consultation; Staff Report; Staff Statement; Public Information Notice on the Executive Board Discussion; and Statement by the Executive Director for the Kingdom of Netherlands; Netherlands.

In this study, the stability of the economy of the Netherlands is overviewed. Bank profitability has recovered. The housing and mortgage markets are relatively stable, although vulnerabilities to household balance sheets are rising. The results of stress tests in the context of the Financial Stabili...

Täydet tiedot

Bibliografiset tiedot
Yhteisötekijä: International Monetary Fund
Aineistotyyppi: Aikakauslehti
Kieli:English
Julkaistu: Washington, D.C. : International Monetary Fund, 2011.
Sarja:IMF Staff Country Reports; Country Report ; No. 2011/142
Linkit:Full text available on IMF
LEADER 01853cas a2200241 a 4500
001 AALejournalIMF007253
008 230101c9999 xx r poo 0 0eng d
020 |c 5.00 USD 
020 |z 9781455286638 
022 |a 1934-7685 
040 |a BD-DhAAL  |c BD-DhAAL 
110 2 |a International Monetary Fund. 
245 1 0 |a Kingdom of Netherlands :   |b Netherlands; 2011 Article IV Consultation; Staff Report; Staff Statement; Public Information Notice on the Executive Board Discussion; and Statement by the Executive Director for the Kingdom of Netherlands; Netherlands. 
264 1 |a Washington, D.C. :  |b International Monetary Fund,  |c 2011. 
300 |a 1 online resource (72 pages) 
490 1 |a IMF Staff Country Reports 
500 |a <strong>Off-Campus Access:</strong> No User ID or Password Required 
500 |a <strong>On-Campus Access:</strong> No User ID or Password Required 
506 |a Electronic access restricted to authorized BRAC University faculty, staff and students 
520 3 |a In this study, the stability of the economy of the Netherlands is overviewed. Bank profitability has recovered. The housing and mortgage markets are relatively stable, although vulnerabilities to household balance sheets are rising. The results of stress tests in the context of the Financial Stability Assessment Program (FSAP) update are welcomed, which show resilience of bank capital and liquidity buffers under extreme scenarios. Executive Directors agreed that structural reforms continue to be key to lifting the Netherlands's long-term growth prospects. Further reforms of the tax and benefit systems are needed. 
538 |a Mode of access: Internet 
830 0 |a IMF Staff Country Reports; Country Report ;  |v No. 2011/142 
856 4 0 |z Full text available on IMF  |u http://elibrary.imf.org/view/journals/002/2011/142/002.2011.issue-142-en.xml  |z IMF e-Library